Villes les plus peuplées par rapport à leur pays - Statistiques

Statistiques générales
  • Ce quiz a été pris 1 187 fois
  • Le résultat moyen est 6 sur 26
Statistiques - réponses
Pourcentage par rapport au département Continent Ville % Correct
100% Asie Singapour
79%
32,41% Asie Tokyo
67%
48,31% Asie Séoul
40%
79,70% Asie Doha
34%
38,51% Asie Taipei
34%
60,01% Asie Dubaï
32%
98,74% Asie Koweït
30%
36,51% Amériques Buenos Aires
28%
33,84% Amériques Lima
26%
41,56% Amériques Santiago
24%
43,52% Asie Oulan-Bator
23%
35,75% Amériques Panama
23%
53,49% Amériques Montevideo
20%
85,20% Asie Manama
19%
31,10% Asie Tel Aviv
17%
30,01% Océanie Auckland
16%
55,33% Asie Amman
13%
33,19% Amériques Asuncion
12%
50,81% Asie Erevan
12%
46,31% Amériques San José
12%
34,77% Asie Tbilissi
10%
33,92% Europe Athènes
9%
37,08% Amériques Saint-Domingue
7%
41,82% Afrique Brazzaville
4%
41,05% Afrique Banjul
2%
32,23% Afrique Monrovia
1%
Aucun quiz correspondant
Distribution des résultats
% des personnes avec chaque résultat
Percentile par nombre de réponses
Votre historique - résultats
Vous n’avez pas pris ce quiz